| Tag |
First Indicator |
Second Indicator |
Subfields |
| LEADER |
00000cam a22000001a 4500 |
| 001 |
in00003132821 |
| 005 |
20190403171406.0 |
| 006 |
m o d |
| 007 |
cr un mmmapmmp |
| 008 |
080121s1940 dcu o f000 0 eng d |
| 035 |
|
|
|a cis2004206913
|
| 040 |
|
|
|a UMI
|c UMI
|d UtOrBLW
|
| 043 |
|
|
|a n-us---
|
| 099 |
|
|
|a ProQuest Serial Set Number 10430 S.rp.1719
|
| 110 |
1 |
|
|a United States.
|b Congress.
|b Senate.
|b Committee on Agriculture and Forestry.
|
| 245 |
1 |
0 |
|a Amending the Agricultural Adjustment Act, as amended and as reenacted by the Agricultural Marketing Agreement Act of 1937, as amended.
|
| 246 |
1 |
|
|a Amending agricultural adjustment act, as amended, and as reenacted by agricultural marketing agreement act
|
| 264 |
|
1 |
|a Washington :
|b [publisher not identified],
|c 1940.
|
| 300 |
|
|
|a 1 online resource.
|
| 336 |
|
|
|a text
|b txt
|2 rdacontent
|
| 337 |
|
|
|a computer
|b c
|2 rdamedia
|
| 338 |
|
|
|a online resource
|b cr
|2 rdacarrier
|
| 490 |
0 |
|
|a S.rp.1719
|
| 500 |
|
|
|a Record is based on bibliographic data in ProQuest U.S. Serial Set Digital Collection (last viewed Jan. 2008). Reuse except for individual research requires license from ProQuest, LLC.
|
| 510 |
3 |
|
|a ProQuest U.S. Serial Set Digital Collection
|
| 500 |
|
|
|a Electronic resource.
|
| 650 |
|
0 |
|a Agricultural subsidies.
|
| 650 |
|
0 |
|a Agriculture.
|
| 650 |
|
0 |
|a Marketing.
|
| 655 |
|
7 |
|a Electronic books.
|2 local
|
| 710 |
2 |
|
|a ProQuest (Firm)
|
| 830 |
|
0 |
|a United States congressional serial set.
|
| 856 |
4 |
0 |
|u http://proxy.library.tamu.edu/login?url=http://congressional.proquest.com/congcomp/getdoc?SERIAL-SET-ID=10430+S.rp.1719
|z Connect to the full text of this electronic book
|t 0
|
| 999 |
|
|
|a MARS
|
| 999 |
f |
f |
|s f3fcda84-8618-3b8f-b630-cab3ef9022ca
|i 53e881e7-4a6a-3a89-89c8-c3a84efc3b1f
|t 0
|
| 952 |
f |
f |
|a Texas A&M University
|b College Station
|c Electronic Resources
|d Available Online
|t 0
|e ProQuest Serial Set Number 10430 S.rp.1719
|h Other scheme
|
| 998 |
f |
f |
|a ProQuest Serial Set Number 10430 S.rp.1719
|t 0
|l Available Online
|